000 00842nam a22001817a 4500
999 _c64141
_d64141
003 Ge_BSU
005 20260415175020.0
008 260415s1970 ge ||||| |||| 00| 0 geo d
041 _ageo
080 _a330.32 : 338.45(479.223) ხ-25
100 _aხარაზი, ლევან
_926109
245 _aსოციალისტური გაფართოებული კვლავწარმოება აჭარის ასსრ მრეწველობაში /
_cლევან ხარაზი.
264 _aთბილისი :
_bსაბჭ. აჭარა,
_c1970.
300 _a289 გვ. ;
_b22 სმ.
653 _aაჭარის მრეწველობა.
653 _aგაფართოებული კვლავწარმოება
942 _2udc
_cᲬᲘᲒᲜᲘ